Obscure Foods Quiz Stats

 Plays Quiz not verified by Sporcle

Score 0/17 Timer 04:00
0 Plays Today
Number foods % Correct
12starfruit
86.9%
14quail eggs
66.8%
9dragon fruit
65.3%
10truffle
57.7%
7durian
47.5%
16tomatillo
41.8%
8celeriac
31.9%
17geoduck
29.5%
4monkfish
27.4%
Number foods % Correct
5jicama
21.1%
13rambutan
20.9%
1uni
20.6%
6kohlrabi
19.3%
2gooseberry
16.7%
11sunchoke
12%
3buddha's hand
11.7%
15quince
11%

You're not logged in!

Compare scores with friends on all Sporcle quizzes.
OR
Log In

Sporcle TV

Today on Sporcle TV


Watch our educational content, quiz creation guides, and fun videos on Sporcle TV.

Show Comments

Extras

Top Quizzes Today


Score Distribution

Your Account Isn't Verified!

In order to create a playlist on Sporcle, you need to verify the email address you used during registration. Go to your Sporcle Settings to finish the process.

Report this User

Report this user for behavior that violates our Community Guidelines.

Details: